00388 a2200133 450000500170000002000180001708200140003510000200004924500240006925000110009326000270010430000770013170000460020820250613092040.0 a0-07-255592-0 a658.15ROS aSTEPHEN A. ROSS aCorporate Financial a6th Ed aUSA,bNew York,c2002. axxiv,897p, ill, table, figure, pictureb Appendix, Grossary, Indexc26cm aRANDOLPH W,. WESTERFIELD & JEFFEREY JAFFE